Joueur avec plus de 100 buts au FC Barcelone - Mort Subite - Statistiques

Statistiques générales
  • Ce quiz a été pris 753 fois
  • Le résultat moyen est 3 sur 9
Answers on the Grid
Answers color-coded by a green-red scale on the quiz's grid according to % correct below.
Andrés Iniesta
Hristo Stoichkov
Johan Cruyff
Lionel Messi
Luis Enrique
Luis Suárez
Neymar
Patrick Kluivert
Pedro
Rivaldo
Robert Lewandowski
Ronald Koeman
Ronaldinho
Samuel Eto'o
Gary Lineker
Xavi
 
Statistiques - réponses
Réponse % Correct
672 Lionel Messi
84%
195 Luis Suárez
65%
105 Neymar
51%
130 Samuel Eto'o
42%
101 Robert Lewandowski
34%
130 Rivaldo
21%
117 Hristo Stoichkov
16%
122 Patrick Kluivert
10%
108 Luis Enrique
6%
Aucun quiz correspondant
Distribution des résultats
% des personnes avec chaque résultat
Percentile par nombre de réponses
Votre historique - résultats
Vous n’avez pas pris ce quiz